000 00650nam a2200253Ia 4500
005 20260121114117.0
008 008 260114s9999 xx 000 0 eng d
020 _a9780891183716
037 _aEBOOK
040 _aCRL
040 _beng
040 _cCRL
041 _2eng
041 _aeng
084 _qCRL
100 _aHeidi M. Waldrip
_9970994
245 0 _aAnimal Manure - Production, Characteristics, Environmental Concerns, and Management
260 _bWiley
260 _c2020
856 _uhttps://onlinelibrary.wiley.com/doi/book/10.2134/asaspecpub67
942 _cEBOOK
999 _c1550249
_d1550249